000 00495nam a2200169Ia 4500
999 _c26476
_d26476
003 OSt
005 20201223134927.0
008 190216s9999||||xx |||||||||||||| ||und||
040 _coclc
082 _a894.8128
_bVAR/P
100 _aVarma, Kunjunni
_97822
245 0 _aParinamam Ennal /
_cKunjunni Varma
260 _bKerala Shashthra Sahithya Parishath,
_aCalicut:
_c1987.
300 _a272p
650 _aLekhanam
942 _cBK
_2ddc
_h894.8128
_iVAR/P
_k894.8128
_mVAR/P